UBT Library

Later life : (Record no. 42374)

000 -LEADER
fixed length control field 00622pam a2200229 a 4500
001 - CONTROL NUMBER
control field 2387206
005 - DATE AND TIME OF LATEST TRANSACTION
control field 20180213065350.0
008 - FIXED-LENGTH DATA ELEMENTS--GENERAL INFORMATION
fixed length control field 850807s1986 caua b 000 0 eng
010 ## - LIBRARY OF CONGRESS CONTROL NUMBER
LC control number 85019581
020 ## - INTERNATIONAL STANDARD BOOK NUMBER
International Standard Book Number 0803925476
020 ## - INTERNATIONAL STANDARD BOOK NUMBER
International Standard Book Number 0803925484 (pbk.)
040 ## - CATALOGING SOURCE
Original cataloging agency DLC
Transcribing agency DLC
Modifying agency DLC
041 ## - LANGUAGE CODE
Language code of text/sound track or separate title eng
080 ## - UNIVERSAL DECIMAL CLASSIFICATION NUMBER
Universal Decimal Classification number 305.26 MAR
082 00 - DEWEY DECIMAL CLASSIFICATION NUMBER
Classification number 305.26 MAR
Edition number 19
100 ## - Rafti
Rafti 50
101 ## - Shkurtesa
Shkurtesa SOC
245 00 - TITLE STATEMENT
Title Later life :
Statement of responsibility, etc edited by Victor W. Marshall.
504 ## - BIBLIOGRAPHY, ETC. NOTE
Bibliography, etc Includes bibliographies and indexes.
906 ## - LOCAL DATA ELEMENT F, LDF (RLIN)
a 7
b cbc
c orignew
d 1
e ocip
f 19
g y-gencatlg
942 ## - ADDED ENTRY ELEMENTS (KOHA)
Source of classification or shelving scheme
Item type Books
Holdings
Withdrawn status Lost status Source of classification or shelving scheme Damaged status Not for loan Collection code Permanent location Current location Shelving location Date acquired Total Checkouts Full call number Barcode Date last seen Price effective from Koha item type
          Koleksioni i përgjithshem UBT - Lipjan UBT - Lipjan Koleksioni i përgjithshem 02/13/2018   305.26 MAR 002-2998101 02/13/2018 02/13/2018 Books
UBT Library © 2015-2024. All rights reserved University Education for Business and Technology